[Event "Oceania zt 3.6"]
[Site "Auckland"]
[Date "2017.01.17"]
[Round "5"]
[White "Buciu, Aurel John"]
[Black "Narenthran, Tharmaratnam"]
[Result "0-1"]
[WhiteElo "1718"]
[BlackElo "1909"]
[PlyCount "62"]
[EventDate "2017.01.14"]
[EventType "swiss"]
[EventRounds "9"]
[EventCountry "NZL"]
[SourceTitle "EXT 2018"]
[Source "ChessBase"]
[SourceDate "2017.10.13"]
[SourceVersion "1"]
[SourceVersionDate "2017.10.13"]
[SourceQuality "1"]

1. d4 d5 2. Bf4 Nf6 3. Nf3 c5 4. c3 Nc6 5. e3 Qb6 6. Qb3 c4 7. Qc2 Bf5 8. Qc1 h6 9. h3 e6 10. Be2 Be7 11. Nbd2 Rc8 12. 0-0 Qd8 13. Ne5 Nxe5 14. Bxe5 Bd6 15. Bxd6 Qxd6 16. Bd1 0-0 17. Bc2 Bxc2 18. Qxc2 b5 19. a3 a5 20. e4 Qb6 21. e5 Nd7 22. f4 b4 23. axb4 axb4 24. Rfb1 f6 25. Kh2 fxe5 26. fxe5 b3 27. Qg6 Rf2 28. Nf1 Rcf8 29. Ne3 Nxe5 30. Nxd5 Nf3+ 31. Kh1 Qd6 0-1

[Event "Oceania zt 3.6"]
[Site "Auckland"]
[Date "2017.01.15"]
[Round "3"]
[White "Wang, Aaron Ziwen"]
[Black "Narenthran, Tharmaratnam"]
[Result "0-1"]
[WhiteElo "1598"]
[BlackElo "1909"]
[PlyCount "68"]
[EventDate "2017.01.14"]
[EventType "swiss"]
[EventRounds "9"]
[EventCountry "NZL"]
[SourceTitle "CBM 176 Extra"]
[Source "ChessBase"]
[SourceDate "2017.03.02"]
[SourceVersion "1"]
[SourceVersionDate "2017.03.02"]
[SourceQuality "1"]

1. c4 Nf6 2. Nc3 e6 3. Nf3 d5 4. cxd5 exd5 5. d4 c6 6. g3 Bd6 7. Bg2 0-0 8. 0-0 Nbd7 9. Bg5 h6 10. Bd2 Re8 11. Qc1 Qc7 12. Qd1 Nf8 13. Rc1 a6 14. Na4 Bf5 15. Nh4 Bh7 16. f4 Ne6 17. Nf3 Ne4 18. e3 Qe7 19. Ne5 f6 20. f5 N6g5 21. Bxe4 Nxe4 22. Nd3 Nxd2 23. Qxd2 Qxe3+ 24. Qxe3 Rxe3 25. Ndc5 Re7 26. Ne6 Rae8 27. g4 Kf7 28. Rfe1 g6 29. Kf1 gxf5 30. gxf5 Bxf5 31. Nec5 Bxh2 32. Red1 Bh3+ 33. Kf2 Re2+ 34. Kf3 R8e3# 0-1

[Event "Oceania zt"]
[Site "Cammeray"]
[Date "2015.07.07"]
[Round "5"]
[White "Narenthran, Tharmaratnam"]
[Black "Krstevski, Tristan"]
[Result "1/2-1/2"]
[WhiteElo "2002"]
[BlackElo "1854"]
[PlyCount "32"]
[EventDate "2015.07.04"]
[EventType "swiss"]
[EventRounds "9"]
[EventCountry "AUS"]
[SourceTitle "CBM 167 Extra"]
[Source "ChessBase"]
[SourceDate "2015.09.14"]
[SourceVersion "1"]
[SourceVersionDate "2015.09.14"]
[SourceQuality "1"]

1. e4 c6 2. d4 d5 3. Nc3 dxe4 4. Nxe4 Bf5 5. Ng3 Bg6 6. Nh3 e6 7. Nf4 Bd6 8. Nxg6 hxg6 9. Qd3 Nf6 10. Be2 Nbd7 11. Bd2 Qc7 12. 0-0-0 Bf4 13. c4 Bxd2+ 14. Qxd2 0-0-0 15. Kb1 Kb8 16. Bf3 Nb6 1/2-1/2

[Event "Melbourne Cup"]
[Site "Melbourne"]
[Date "2010.10.31"]
[Round "4"]
[White "Narenthran, Tharmaratnam"]
[Black "Teichmann, Erik Oskar Michael"]
[Result "0-1"]
[WhiteElo "1729"]
[BlackElo "2329"]
[PlyCount "42"]
[EventDate "2010.10.29"]
[EventType "swiss"]
[EventRounds "9"]
[EventCountry "AUS"]
[SourceTitle "EXT 2012"]
[Source "ChessBase"]
[SourceDate "2011.11.24"]
[SourceVersion "1"]
[SourceVersionDate "2011.11.24"]
[SourceQuality "1"]

1. e4 Nc6 2. Nf3 d6 3. Bc4 Nf6 4. Nc3 g6 5. d4 Bg7 6. Be3 0-0 7. Qd2 Bg4 8. h3 Bxf3 9. gxf3 e5 10. d5 Nd4 11. Be2 c5 12. a4 Nh5 13. a5 f5 14. exf5 Rxf5 15. Bxd4 exd4 16. Ne4 Nf4 17. Ng3 Bh6 18. Qd1 Re5 19. Kf1 Qh4 20. Ne4 Rf8 21. Rh2 Nxh3 0-1

[Event "Box Hill Autumn Cup"]
[Site "Box Hill"]
[Date "2005.02.18"]
[Round "3"]
[White "Chong, Trevor"]
[Black "Narenthran, Tharmaratnam"]
[Result "0-1"]
[WhiteElo "1424"]
[BlackElo "1818"]
[PlyCount "68"]
[EventDate "2005.02.04"]
[EventType "swiss"]
[EventRounds "4"]
[EventCountry "AUS"]
[SourceTitle "EXT 2010"]
[Source "ChessBase"]
[SourceDate "2010.11.25"]
[SourceVersion "1"]
[SourceVersionDate "2010.11.25"]
[SourceQuality "1"]

1. e4 d5 2. exd5 Qxd5 3. Nf3 Nf6 4. d4 Bf5 5. Nc3 Qa5 6. Bd2 c6 7. Bc4 e6 8. 0-0 Bb4 9. a3 Bxc3 10. Bxc3 Qc7 11. h3 Nbd7 12. Ba2 Ne4 13. Nh4 Bg6 14. Qf3 Ndf6 15. Rfe1 Bh5 16. Qe3 0-0-0 17. g4 Bxg4 18. hxg4 Nxg4 19. Qh3 Nexf2 20. Qg2 h5 21. Re2 g5 22. d5 gxh4 23. dxc6 h3 24. cxb7+ Kb8 25. Qxf2 Nxf2 26. Be5 Qxe5 27. Rxe5 Ng4 28. Re2 Rd6 29. Rf1 Rhd8 30. Rxf7 Rd1+ 31. Rf1 Rxf1+ 32. Kxf1 Rd1+ 33. Re1 Rxe1+ 34. Kxe1 h2 0-1

[Event "Box Hill Autumn Cup"]
[Site "Box Hill"]
[Date "2005.02.11"]
[Round "2"]
[White "Narenthran, Tharmaratnam"]
[Black "Nikolayevsky, Artem"]
[Result "1-0"]
[WhiteElo "1818"]
[BlackElo "1599"]
[PlyCount "69"]
[EventDate "2005.02.04"]
[EventType "swiss"]
[EventRounds "4"]
[EventCountry "AUS"]
[SourceTitle "EXT 2010"]
[Source "ChessBase"]
[SourceDate "2010.11.25"]
[SourceVersion "1"]
[SourceVersionDate "2010.11.25"]
[SourceQuality "1"]

1. e4 d5 2. exd5 Nf6 3. Nf3 Nxd5 4. Bc4 Bg4 5. 0-0 e6 6. d4 Bd6 7. Bxd5 exd5 8. Re1+ Be7 9. h3 Bh5 10. Nc3 Nc6 11. Bg5 0-0 12. Bxe7 Nxe7 13. Qd3 Bg6 14. Qd2 c6 15. Nh4 Qc7 16. Ne2 h6 17. Nf4 Bxc2 18. Rac1 Be4 19. f3 Bh7 20. Re5 g5 21. Rce1 Rae8 22. Nh5 Qd6 23. Rxg5+ hxg5 24. Qxg5+ Ng6 25. Rxe8 Rxe8 26. Nf6+ Kh8 27. Nxg6+ fxg6 28. Nxe8 Qe6 29. Qf6+ Qxf6 30. Nxf6 Kg7 31. Nxh7 Kxh7 32. f4 Kg7 33. Kf2 Kf6 34. g4 b6 35. b4 1-0